[Event "CZE-ch Betsys Online Blitz"]
[Site "Chess.com INT"]
[Date "2021.04.17"]
[Round "10"]
[White "Joukl, Zdenek"]
[Black "Pavlik, Frantisek"]
[Result "0-1"]
[WhiteElo "2040"]
[BlackElo "1643"]
[PlyCount "72"]
[EventDate "2021.04.17"]
[EventType "swiss (blitz)"]
[EventRounds "13"]
[EventCountry "CZE"]
[SourceTitle "CBM 201 Extra"]
[Source "ChessBase"]
[SourceDate "2021.05.31"]
[SourceVersion "1"]
[SourceVersionDate "2021.05.31"]
[SourceQuality "1"]

1. d4 Nf6 2. Nf3 g6 3. Bf4 d6 4. e3 Bg7 5. Nbd2 0-0 6. Bc4 Nbd7 7. 0-0 Nh5 8. Bg5 h6 9. Bh4 g5 10. Ne1 gxh4 11. Qxh5 h3 12. g3 Nf6 13. Qh4 a6 14. a4 Qd7 15. Ne4 Qg4 16. Nxf6+ Bxf6 17. Qxg4+ Bxg4 18. f3 Bd7 19. c3 b5 20. Bb3 e5 21. Nd3 exd4 22. exd4 Bf5 23. Nf4 c6 24. Rfe1 Rfe8 25. Kf2 Bg5 26. Nh5 Bg6 27. Nf4 Bxf4 28. gxf4 Kf8 29. axb5 axb5 30. Rxa8 Rxa8 31. Re2 Ra1 32. Bc2 Rh1 33. Kg3 Rg1+ 34. Kxh3 Bxc2 35. Rxc2 Rf1 36. Kg2 Rb1 0-1